[Event "XtraCon-Skakligaen"]
[Site "Denmark"]
[Date "2012.02.19"]
[Round "7.6"]
[White "Wiwe, Andreas"]
[Black "Rendboe, John Filip"]
[Result "1-0"]
[WhiteElo "2273"]
[BlackElo "2242"]
[PlyCount "133"]
[EventDate "2011.10.29"]
[EventType "team-tourn"]
[EventRounds "9"]
[WhiteTeam "Jetsmark"]
[BlackTeam "Aarhus/Skolerne"]
[WhiteTeamCountry "DEN"]
[BlackTeamCountry "DEN"]

1. e4 c5 2. Nf3 Nc6 3. d4 cxd4 4. Nxd4 Qb6 5. Nb3 Nf6 6. Nc3 e6 7. Qe2 Bb4 8.
Bd2 a5 9. a4 Nd4 10. Nxd4 Qxd4 11. Qd3 Bxc3 12. Bxc3 Qxe4+ 13. Qxe4 Nxe4 14.
Bxg7 Rg8 15. Bd4 d5 16. f3 Nd6 17. Kf2 Bd7 18. Bd3 f5 19. Rhe1 Kf7 20. b3 Rgc8
21. Bb2 b6 22. Ba3 Rc6 23. Re2 Re8 24. Rae1 h5 25. g3 Nb7 26. Bxf5 exf5 27.
Re7+ Rxe7 28. Rxe7+ Kf6 29. Rxd7 Rxc2+ 30. Ke3 Rc3+ 31. Kf4 Nc5 32. Bxc5 bxc5
33. Rxd5 Ke6 34. Rxf5 Kd6 35. Ke4 Rxb3 36. Rf6+ Ke7 37. Rh6 Ra3 38. Rxh5 Rxa4+
39. Kd5 c4 40. Kd4 Kf6 41. f4 Kg6 42. Rc5 Ra2 43. Kxc4 a4 44. Kb4 Rxh2 45. Kxa4
Rg2 46. Rg5+ Kf6 47. Kb3 Rd2 48. Kc3 Rd1 49. g4 Rf1 50. Rf5+ Ke6 51. Kd3 Rg1
52. Rg5 Re1 53. Ra5 Rg1 54. Ra6+ Kd5 55. Ra5+ Ke6 56. Rg5 Re1 57. Kd4 Rg1 58.
Ke3 Re1+ 59. Kf2 Ra1 60. Rg6+ Kf7 61. Rb6 Ra3 62. g5 Rc3 63. f5 Ra3 64. Rb7+
Kf8 65. g6 Ra5 66. Rf7+ Ke8 67. Kf3 1-0

[Event "XtraCon-Skakligaen"]
[Site "Denmark"]
[Date "2012.02.19"]
[Round "7.7"]
[White "Pedersen, Finn"]
[Black "Jensen, Bjarke"]
[Result "1-0"]
[WhiteElo "2285"]
[BlackElo "2292"]
[PlyCount "83"]
[EventDate "2011.10.29"]
[EventType "team-tourn"]
[EventRounds "9"]
[WhiteTeam "Aarhus/Skolerne"]
[BlackTeam "Jetsmark"]
[WhiteTeamCountry "DEN"]
[BlackTeamCountry "DEN"]

1. e4 c5 2. Nf3 Nc6 3. Nc3 g6 4. d4 cxd4 5. Nxd4 Bg7 6. Be3 Nf6 7. Be2 O-O 8.
O-O d5 9. exd5 Nb4 10. Qd2 Nbxd5 11. Nxd5 Nxd5 12. Bh6 Qb6 13. Bxg7 Kxg7 14. c4
Nf6 15. Qc3 e5 16. Nb5 Qc5 17. b4 Qe7 18. f4 e4 19. Rad1 Kg8 20. Nd6 Ne8 21. c5
Ng7 22. Bc4 Bf5 23. Bd5 Rad8 24. Qe5 Qxe5 25. fxe5 b6 26. Nxf7 Rxd5 27. Nh6+
Kh8 28. Rxd5 e3 29. Rd8 Rxd8 30. Nf7+ Kg8 31. Nxd8 e2 32. Rc1 bxc5 33. bxc5 Kf8
34. Kf2 Ke8 35. Nc6 Ne6 36. Kxe2 Nf4+ 37. Kd2 a6 38. g3 Nd3 39. Rc3 Nf2 40. Ke2
Ne4 41. Rc1 Be6 42. a3 1-0

[Event "XtraCon-Skakligaen"]
[Site "Denmark"]
[Date "2012.02.19"]
[Round "7.8"]
[White "Rathlev, Jakob"]
[Black "Jacobsen, Bo"]
[Result "1/2-1/2"]
[WhiteElo "2251"]
[BlackElo "2317"]
[PlyCount "56"]
[EventDate "2011.10.29"]
[EventType "team-tourn"]
[EventRounds "9"]
[WhiteTeam "Jetsmark"]
[BlackTeam "Aarhus/Skolerne"]
[WhiteTeamCountry "DEN"]
[BlackTeamCountry "DEN"]

1. c4 g6 2. g3 Bg7 3. Bg2 c5 4. Nc3 Nc6 5. a3 d6 6. Rb1 a5 7. d3 e5 8. Nf3 Nge7
9. O-O Rb8 10. Ne1 Be6 11. Nc2 d5 12. cxd5 Nxd5 13. Nxd5 Bxd5 14. Bxd5 Qxd5 15.
Ne3 Qe6 16. Bd2 O-O 17. b4 axb4 18. axb4 cxb4 19. Bxb4 Rfd8 20. Bc5 b5 21. Qb3
Qd7 22. Rfc1 h5 23. h4 Kh7 24. Nc2 Bh6 25. e3 f5 26. Nb4 Nxb4 27. Bxb4 f4 28.
Ba5 Rdc8 1/2-1/2

[Event "XtraCon-Skakligaen"]
[Site "Denmark"]
[Date "2012.02.19"]
[Round "7.1"]
[White "Hillarp Persson, Tiger"]
[Black "Brunello, Sabino"]
[Result "1/2-1/2"]
[WhiteElo "2535"]
[BlackElo "2569"]
[PlyCount "47"]
[EventDate "2011.10.29"]
[EventType "team-tourn"]
[EventRounds "9"]
[WhiteTeam "Bronshoj"]
[BlackTeam "Sydostfyn"]
[WhiteTeamCountry "DEN"]
[BlackTeamCountry "DEN"]

1. d4 d5 2. c4 c6 3. Nf3 Nf6 4. e3 Bf5 5. Nc3 e6 6. Nh4 Bg6 7. a3 Bh5 8. Qb3
Qb6 9. Qxb6 axb6 10. cxd5 Nxd5 11. Nxd5 exd5 12. f3 Be7 13. Nf5 Bg6 14. Nxe7
Kxe7 15. Bd2 Na6 16. Kf2 Nc7 17. Be2 h5 18. Rhc1 Ne8 19. a4 Nd6 20. a5 bxa5 21.
Bxa5 Kd7 22. Ra3 Ra7 23. Rca1 Rha8 24. Bb4 1/2-1/2

[Event "XtraCon-Skakligaen"]
[Site "Denmark"]
[Date "2012.02.19"]
[Round "7.2"]
[White "Schandorff, Lars"]
[Black "Carstensen, Jacob"]
[Result "1/2-1/2"]
[WhiteElo "2494"]
[BlackElo "2372"]
[PlyCount "87"]
[EventDate "2011.10.29"]
[EventType "team-tourn"]
[EventRounds "9"]
[WhiteTeam "Sydostfyn"]
[BlackTeam "Bronshoj"]
[WhiteTeamCountry "DEN"]
[BlackTeamCountry "DEN"]

1. d4 Nf6 2. c4 e6 3. Nc3 Bb4 4. e3 b6 5. Nge2 c5 6. a3 Ba5 7. Rb1 Na6 8. g3
Bb7 9. d5 b5 10. Bg2 bxc4 11. O-O O-O 12. e4 d6 13. Bg5 Nc7 14. Nf4 Rb8 15. Qa4
Bb6 16. Rfd1 e5 17. Nh5 Nce8 18. Qxc4 h6 19. Nxf6+ Nxf6 20. Bd2 Qc8 21. Na4 Ba6
22. Qc2 Be2 23. Re1 Qa6 24. Rbc1 Bd3 25. Qd1 Bb5 26. Nxb6 axb6 27. f4 Rfe8 28.
fxe5 Rxe5 29. Bf4 Rbe8 30. Bxe5 Rxe5 31. Rc3 Ba4 32. Qb1 Bd7 33. Rf3 Bg4 34.
Rf2 Bh5 35. Ref1 Bg6 36. Rxf6 gxf6 37. Rxf6 Qe2 38. Rxd6 Qe3+ 39. Kh1 Bxe4 40.
Qd1 Qd4 41. Qg4+ Rg5 42. Qe2 Re5 43. Qg4+ Rg5 44. Qe2 1/2-1/2

[Event "XtraCon-Skakligaen"]
[Site "Denmark"]
[Date "2012.02.19"]
[Round "7.3"]
[White "Bromann, Thorbjorn"]
[Black "Pedersen, Steffen"]
[Result "1/2-1/2"]
[WhiteElo "2385"]
[BlackElo "2431"]
[PlyCount "39"]
[EventDate "2011.10.29"]
[EventType "team-tourn"]
[EventRounds "9"]
[WhiteTeam "Bronshoj"]
[BlackTeam "Sydostfyn"]
[WhiteTeamCountry "DEN"]
[BlackTeamCountry "DEN"]

1. e4 c6 2. d4 d5 3. e5 Bf5 4. h4 h5 5. c4 e6 6. Nc3 Ne7 7. Be3 Nd7 8. Qd2 dxc4
9. Bxc4 Nb6 10. Bd3 Qd7 11. Nge2 Bxd3 12. Qxd3 Nf5 13. Rd1 Be7 14. g3 O-O-O 15.
Ne4 Nxe3 16. Qxe3 f5 17. exf6 gxf6 18. O-O Nd5 19. Qf3 Rdg8 20. Nc5 1/2-1/2

[Event "XtraCon-Skakligaen"]
[Site "Denmark"]
[Date "2012.02.19"]
[Round "7.4"]
[White "Borbjerggaard, Lars"]
[Black "Aabling Thomsen, Jakob"]
[Result "1/2-1/2"]
[WhiteElo "2339"]
[BlackElo "2324"]
[PlyCount "54"]
[EventDate "2011.10.29"]
[EventType "team-tourn"]
[EventRounds "9"]
[WhiteTeam "Sydostfyn"]
[BlackTeam "Bronshoj"]
[WhiteTeamCountry "DEN"]
[BlackTeamCountry "DEN"]

1. d4 Nf6 2. Bg5 e6 3. Nd2 h6 4. Bh4 c5 5. e3 b6 6. Ngf3 Bb7 7. c3 Be7 8. Bd3
d6 9. O-O Nbd7 10. e4 Qc7 11. Qe2 g5 12. Bg3 Nh5 13. Ne1 Nf4 14. Bxf4 gxf4 15.
Ba6 Bf6 16. Ndf3 Rg8 17. a4 Rb8 18. Bxb7 Rxb7 19. Nd3 e5 20. dxe5 dxe5 21. b4
Ke7 22. Rfd1 Qc6 23. b5 Qe6 24. Nd2 Nf8 25. a5 Ng6 26. Kh1 Nh4 27. Rg1 Rd7
1/2-1/2

[Event "XtraCon-Skakligaen"]
[Site "Denmark"]
[Date "2012.02.19"]
[Round "7.5"]
[White "Holmsgaard, Henrik"]
[Black "Nordenbaek, Jan"]
[Result "1/2-1/2"]
[WhiteElo "2320"]
[BlackElo "2252"]
[PlyCount "26"]
[EventDate "2011.10.29"]
[EventType "team-tourn"]
[EventRounds "9"]
[WhiteTeam "Bronshoj"]
[BlackTeam "Sydostfyn"]
[WhiteTeamCountry "DEN"]
[BlackTeamCountry "DEN"]

1. e4 e5 2. Bc4 Nf6 3. d3 c6 4. Nf3 d5 5. Bb3 Bb4+ 6. Bd2 Bxd2+ 7. Nbxd2 O-O 8.
O-O Bg4 9. Re1 Nbd7 10. h3 Bxf3 11. Nxf3 dxe4 12. dxe4 Qe7 13. c3 Rad8 1/2-1/2

[Event "XtraCon-Skakligaen"]
[Site "Denmark"]
[Date "2012.02.19"]
[Round "7.6"]
[White "Nielsen, Niels-Peter"]
[Black "Palm, Nikolaj"]
[Result "0-1"]
[WhiteElo "2161"]
[BlackElo "2253"]
[PlyCount "116"]
[EventDate "2011.10.29"]
[EventType "team-tourn"]
[EventRounds "9"]
[WhiteTeam "Sydostfyn"]
[BlackTeam "Bronshoj"]
[WhiteTeamCountry "DEN"]
[BlackTeamCountry "DEN"]

1. f4 d5 2. g3 Nf6 3. Nf3 e6 4. Bg2 Nbd7 5. d3 c6 6. c3 Qb6 7. Qb3 Bd6 8. Qxb6
axb6 9. Nbd2 b5 10. e4 dxe4 11. dxe4 e5 12. fxe5 Nxe5 13. Nxe5 Bxe5 14. Nf3 Bc7
15. Nd4 O-O 16. O-O Re8 17. Re1 Ng4 18. Bf4 Ne5 19. Bxe5 Bxe5 20. a3 Bg4 21.
Kf2 Rad8 22. Nf3 Bc7 23. Bf1 Re7 24. a4 bxa4 25. Rxa4 h6 26. e5 Bc8 27. Kg2
Rde8 28. Bd3 Kf8 29. Rae4 Bf5 30. R4e3 Bxd3 31. Rxd3 Bxe5 32. Nxe5 Rxe5 33.
Rxe5 Rxe5 34. Rd2 Ke7 35. Kf3 Re1 36. h4 Rb1 37. Ke4 Re1+ 38. Kf3 Ke6 39. Kf2
Re5 40. Kf3 Rf5+ 41. Ke4 Rd5 42. Rg2 Rd1 43. Rc2 g5 44. hxg5 hxg5 45. Kf3 f5
46. Ke3 Ke5 47. Rh2 Rg1 48. Kf2 Rb1 49. Ke3 g4 50. Rg2 Rf1 51. Kd3 Rf3+ 52. Kc4
f4 53. Re2+ Re3 54. gxf4+ Kxf4 55. Rf2+ Rf3 56. Rd2 g3 57. Rd7 g2 58. Rf7+ Ke3
0-1

[Event "XtraCon-Skakligaen"]
[Site "Denmark"]
[Date "2012.02.19"]
[Round "7.8"]
[White "Bjerre, Lars Gronborg"]
[Black "Brinck Claussen, Bjorn"]
[Result "0-1"]
[WhiteElo "2057"]
[BlackElo "2263"]
[PlyCount "78"]
[EventDate "2011.10.29"]
[EventType "team-tourn"]
[EventRounds "9"]
[WhiteTeam "Sydostfyn"]
[BlackTeam "Bronshoj"]
[WhiteTeamCountry "DEN"]
[BlackTeamCountry "DEN"]

1. e4 c5 2. c3 Nf6 3. e5 Nd5 4. d4 cxd4 5. cxd4 e6 6. Nf3 d6 7. a3 Bd7 8. Bd3
Bc6 9. O-O Nd7 10. b4 a6 11. Re1 Rc8 12. Bb2 N7b6 13. Nbd2 Na4 14. Qb3 Nf4 15.
Bf1 b5 16. g3 Bd5 17. Qe3 Ng6 18. Reb1 Rc2 19. Bc1 Rc3 20. Qe2 Qa8 21. Ne1 Be7
22. Bb2 dxe5 23. dxe5 O-O 24. Bxc3 Nxc3 25. Qh5 Nxb1 26. Rxb1 Qc6 27. Bg2 Bxg2
28. Nxg2 Qc3 29. Ne4 Qd3 30. Re1 Qxa3 31. Ng5 Bxg5 32. Qxg5 Qxb4 33. Re3 Rc8
34. h4 h6 35. Qh5 Rc1+ 36. Kh2 Qb1 37. g4 Rg1 38. g5 Rxg2+ 39. Kxg2 Nf4+ 0-1

[Event "XtraCon-Skakligaen"]
[Site "Denmark"]
[Date "2012.02.19"]
[Round "7.1"]
[White "Matthiesen, Arne"]
[Black "Kulaots, Kaido"]
[Result "0-1"]
[WhiteElo "2316"]
[BlackElo "2592"]
[PlyCount "78"]
[EventDate "2011.10.29"]
[EventType "team-tourn"]
[EventRounds "9"]
[WhiteTeam "SK1968"]
[BlackTeam "Skanderborg"]
[WhiteTeamCountry "DEN"]
[BlackTeamCountry "DEN"]

1. Nf3 Nf6 2. c4 b6 3. d4 e6 4. g3 Ba6 5. b3 b5 6. cxb5 Bxb5 7. Nc3 Bb4 8. Bd2
Bc6 9. Bg2 a5 10. O-O Qc8 11. Qc2 Qb7 12. a3 Bxc3 13. Bxc3 Bd5 14. Nh4 O-O 15.
Rab1 Ne4 16. Rb2 Nd6 17. Bxd5 Qxd5 18. Nf3 Nc6 19. Rd1 f6 20. Be1 Rfb8 21. Rd3
Rb7 22. Qc5 Rab8 23. Qxd5 exd5 24. a4 Kf7 25. e3 Ne4 26. Kf1 g5 27. h3 Ke6 28.
Ke2 h5 29. Kd1 Kf5 30. Kc1 Nd6 31. Rc3 Nb4 32. Kd1 Ne4 33. Rc1 Nd3 34. Rcb1
Nxb2+ 35. Rxb2 Rxb3 36. Rxb3 Rxb3 37. Bxa5 Ra3 38. Bxc7 Rxa4 39. Nd2 Ra1+ 0-1

[Event "XtraCon-Skakligaen"]
[Site "Denmark"]
[Date "2012.02.19"]
[Round "7.2"]
[White "Pedersen, Nicolai Vesterbaek"]
[Black "Rewitz, Poul"]
[Result "1-0"]
[WhiteElo "2460"]
[BlackElo "2298"]
[PlyCount "47"]
[EventDate "2011.10.29"]
[EventType "team-tourn"]
[EventRounds "9"]
[WhiteTeam "Skanderborg"]
[BlackTeam "SK1968"]
[WhiteTeamCountry "DEN"]
[BlackTeamCountry "DEN"]

1. e4 c6 2. d4 d5 3. Nd2 dxe4 4. Nxe4 Nf6 5. Nxf6+ exf6 6. c3 Bd6 7. Bd3 O-O 8.
Qc2 Kh8 9. Ne2 Re8 10. Be3 Nd7 11. O-O-O Nf8 12. Ng3 a5 13. d5 cxd5 14. Bb5 Bd7
15. Bxd7 Nxd7 16. Rxd5 Nb6 17. Rd4 Qc7 18. Rh4 g6 19. Ne4 Be7 20. Bd4 Nd7 21.
Qd2 Ra6 22. Qh6 Nf8 23. Ng5 Kg8 24. Nxh7 1-0

[Event "XtraCon-Skakligaen"]
[Site "Denmark"]
[Date "2012.02.19"]
[Round "7.3"]
[White "Matthiesen, Martin"]
[Black "Kjeldsen, Jens"]
[Result "1-0"]
[WhiteElo "2277"]
[BlackElo "2411"]
[PlyCount "59"]
[EventDate "2011.10.29"]
[EventType "team-tourn"]
[EventRounds "9"]
[WhiteTeam "SK1968"]
[BlackTeam "Skanderborg"]
[WhiteTeamCountry "DEN"]
[BlackTeamCountry "DEN"]

1. c4 g6 2. g3 Bg7 3. Bg2 d6 4. Nc3 Nc6 5. d3 f5 6. e3 Nf6 7. Nge2 O-O 8. O-O
e5 9. Rb1 h6 10. Qd2 Qe8 11. b3 Kh8 12. Bb2 Bd7 13. Rbc1 Rc8 14. f4 Nd8 15. e4
Nc6 16. Nd5 Nxd5 17. cxd5 Nd8 18. fxe5 dxe5 19. d4 Nf7 20. exf5 Bxf5 21. dxe5
Nxe5 22. Nd4 Qd7 23. Ne6 Bxe6 24. Rxf8+ Bxf8 25. Bxe5+ Kh7 26. Qa5 b6 27. dxe6
Qd3 28. Qc3 Bc5+ 29. Kh1 Qe2 30. Rf1 1-0

[Event "XtraCon-Skakligaen"]
[Site "Denmark"]
[Date "2012.02.19"]
[Round "7.4"]
[White "Pedersen, Jan Rode"]
[Black "Lindfeldt, Jan Magnus"]
[Result "1/2-1/2"]
[WhiteElo "2204"]
[BlackElo "2246"]
[PlyCount "71"]
[EventDate "2011.10.29"]
[EventType "team-tourn"]
[EventRounds "9"]
[WhiteTeam "Skanderborg"]
[BlackTeam "SK1968"]
[WhiteTeamCountry "DEN"]
[BlackTeamCountry "DEN"]

1. e4 e5 2. Nf3 Nc6 3. d4 exd4 4. Nxd4 Bc5 5. Nxc6 Qf6 6. Qf3 dxc6 7. Nc3 Be6
8. Be2 O-O-O 9. O-O Qxf3 10. Bxf3 Ne7 11. Na4 Bd6 12. Be3 b6 13. Be2 f5 14. f3
fxe4 15. fxe4 Ng6 16. Nc3 Kb7 17. Rad1 a5 18. a3 Ne5 19. Bd4 c5 20. Be3 Ng4 21.
Bxg4 Bxg4 22. Rd5 Be6 23. Rg5 g6 24. e5 Be7 25. Rg3 Rhe8 26. h3 Bf5 27. Rgf3
Bxc2 28. Rf7 h5 29. Rg7 Bf8 30. Rgf7 Bf5 31. Bg5 Rd3 32. Nb5 Bd7 33. Nxc7 Kxc7
34. Rxf8 Rxf8 35. Rxf8 Bf5 36. Bf4 1/2-1/2

[Event "XtraCon-Skakligaen"]
[Site "Denmark"]
[Date "2012.02.19"]
[Round "7.5"]
[White "Hansen, Lars"]
[Black "Grove, Peter"]
[Result "1/2-1/2"]
[WhiteElo "2245"]
[BlackElo "2132"]
[PlyCount "42"]
[EventDate "2011.10.29"]
[EventType "team-tourn"]
[EventRounds "9"]
[WhiteTeam "SK1968"]
[BlackTeam "Skanderborg"]
[WhiteTeamCountry "DEN"]
[BlackTeamCountry "DEN"]

1. e4 e6 2. d3 d5 3. Nd2 Nf6 4. Ngf3 Nc6 5. c3 Be7 6. b4 d4 7. cxd4 Nxd4 8. a3
O-O 9. Nxd4 Qxd4 10. Nb3 Qd7 11. Be2 b6 12. Be3 Rd8 13. Qc2 Bb7 14. f3 e5 15.
O-O Rac8 16. Qb2 Bd6 17. d4 Qe7 18. Rae1 Nd7 19. Bc4 Kh8 20. Qf2 Rf8 21. Kh1 f5
1/2-1/2

[Event "XtraCon-Skakligaen"]
[Site "Denmark"]
[Date "2012.02.19"]
[Round "7.6"]
[White "Bjerre, Tavs"]
[Black "Bank, Pelle Rodkjaer"]
[Result "1/2-1/2"]
[WhiteElo "1940"]
[BlackElo "2241"]
[PlyCount "35"]
[EventDate "2011.10.29"]
[EventType "team-tourn"]
[EventRounds "9"]
[WhiteTeam "Skanderborg"]
[BlackTeam "SK1968"]
[WhiteTeamCountry "DEN"]
[BlackTeamCountry "DEN"]

1. d4 g6 2. c4 Bg7 3. Nc3 d6 4. e4 Nc6 5. Be3 e5 6. d5 Nce7 7. Bd3 f5 8. f3 Nf6
9. Nge2 O-O 10. Qd2 c5 11. dxc6 bxc6 12. O-O Be6 13. Rfd1 Qd7 14. Bg5 a5 15. b3
f4 16. Bh4 g5 17. Bf2 Qb7 18. Na4 1/2-1/2

[Event "XtraCon-Skakligaen"]
[Site "Denmark"]
[Date "2012.02.19"]
[Round "7.7"]
[White "Hansen, Bjarne"]
[Black "Munk, Kai"]
[Result "1-0"]
[WhiteElo "2235"]
[BlackElo "2032"]
[PlyCount "81"]
[EventDate "2011.10.29"]
[EventType "team-tourn"]
[EventRounds "9"]
[WhiteTeam "SK1968"]
[BlackTeam "Skanderborg"]
[WhiteTeamCountry "DEN"]
[BlackTeamCountry "DEN"]

1. d4 d5 2. c4 e6 3. Nc3 Be7 4. Nf3 Nf6 5. Bg5 Nbd7 6. e3 O-O 7. Qc2 h6 8. h4
c6 9. O-O-O dxc4 10. Bxc4 b5 11. Be2 Bb7 12. Nd2 Rc8 13. Bxf6 Nxf6 14. Nce4 c5
15. Nxc5 Qb6 16. b4 a5 17. a3 axb4 18. axb4 Rfd8 19. Bf3 Bxf3 20. Nxf3 Nd5 21.
Qb3 Nxb4 22. Qxb4 Bxc5 23. dxc5 Rxc5+ 24. Kb2 Rdc8 25. Rc1 Rc4 26. Rxc4 Rxc4
27. Qe7 Qa5 28. Rc1 Rb4+ 29. Kc2 Qa3 30. Qd8+ Kh7 31. Qd3+ Qxd3+ 32. Kxd3 f6
33. h5 e5 34. e4 Rb2 35. Rc2 Rb3+ 36. Ke2 Rb4 37. Nd2 Ra4 38. Rb2 b4 39. Kd3
Ra3+ 40. Rb3 Ra1 41. Rxb4 1-0

[Event "XtraCon-Skakligaen"]
[Site "Denmark"]
[Date "2012.02.19"]
[Round "7.2"]
[White "Kristiansen, Jens"]
[Black "Nilssen, John Arni"]
[Result "1/2-1/2"]
[WhiteElo "2439"]
[BlackElo "2378"]
[PlyCount "160"]
[EventDate "2011.10.29"]
[EventType "team-tourn"]
[EventRounds "9"]
[WhiteTeam "BMS"]
[BlackTeam "K41"]
[WhiteTeamCountry "DEN"]
[BlackTeamCountry "DEN"]

1. e4 c5 2. d3 g6 3. g3 Bg7 4. Bg2 Nc6 5. Nc3 Rb8 6. f4 b5 7. a3 d6 8. Nf3 e6
9. O-O Nge7 10. Be3 b4 11. axb4 Rxb4 12. Ra2 Bd7 13. e5 Nf5 14. Bf2 Qb8 15. Ne4
dxe5 16. Nxe5 Nxe5 17. fxe5 Bxe5 18. Bxc5 Rb5 19. Bxa7 Qc7 20. Bf2 Rxb2 21.
Ra8+ Bc8 22. d4 Bg7 23. g4 Ne7 24. Bg3 Qb6 25. Nd6+ Kd7 26. Nxf7 Rf8 27. Kh1
Rxf7 28. Rxf7 Rb1 29. Ra7+ Bb7 30. Rxb7+ Qxb7 31. Bxb7 Rxd1+ 32. Kg2 Bxd4 33.
Be4 Rg1+ 34. Kh3 h6 35. Bxg6 Ke8 36. Rf4+ Nxg6 37. Rxd4 Ke7 38. Bf2 Rf1 39. Kg2
Rc1 40. Rc4 Ne5 41. Re4 Nf7 42. Re2 e5 43. Be3 Rb1 44. Rf2 Re1 45. Bd2 Re4 46.
Kg3 Ke6 47. h4 Rc4 48. g5 Nd6 49. Rf6+ Ke7 50. Rxd6 Kxd6 51. gxh6 Ke6 52. c3
Kf7 53. Bg5 Kg6 54. Kf2 Rxc3 55. Ke2 Rc7 56. Kd3 Kf5 57. Ke3 Rb7 58. Kd3 Ra7
59. Ke3 Ra3+ 60. Kd2 Kg6 61. Ke2 Ra7 62. Ke3 Kf5 63. Kd3 Rf7 64. Ke3 Ke6 65.
Ke4 Rf8 66. Kd3 Kd5 67. Ke3 Rf7 68. Kd3 e4+ 69. Ke3 Ke5 70. Ke2 Kf5 71. Ke3 Ra7
72. Ke2 Ra2+ 73. Ke3 Ra3+ 74. Ke2 Kg6 75. Kf2 Rb3 76. Ke2 Rb7 77. Ke3 Kf5 78.
Ke2 Rf7 79. Ke3 Ke5 80. Ke2 Kf5 1/2-1/2

[Event "XtraCon-Skakligaen"]
[Site "Denmark"]
[Date "2012.02.19"]
[Round "7.3"]
[White "Greger, Roland Reinhard"]
[Black "Mikkelsen, Nikolaj"]
[Result "0-1"]
[WhiteElo "2380"]
[BlackElo "2384"]
[PlyCount "78"]
[EventDate "2011.10.29"]
[EventType "team-tourn"]
[EventRounds "9"]
[WhiteTeam "K41"]
[BlackTeam "BMS"]
[WhiteTeamCountry "DEN"]
[BlackTeamCountry "DEN"]

1. e4 c5 2. Nf3 Nc6 3. d4 cxd4 4. Nxd4 Nf6 5. Nc3 d6 6. f3 e6 7. Be3 Be7 8. Qd2
O-O 9. g4 Nd7 10. O-O-O Nde5 11. Be2 Nxd4 12. Qxd4 Nc6 13. Qd2 a6 14. g5 b5 15.
f4 Qa5 16. Rdf1 b4 17. Nb1 Qxa2 18. f5 Re8 19. f6 Bf8 20. b3 Rb8 21. Bh5 Rb7
22. Qf2 g6 23. Bd1 Na5 24. Bb6 Rxb6 25. Qxb6 Bb7 26. Qxb4 Rc8 27. Kd2 d5 28.
Qa4 Nc4+ 29. Ke1 Qxb1 30. bxc4 Rxc4 31. Qb3 Qc1 32. Rf3 Rxe4+ 33. Kf2 Qd2+ 34.
Kg3 Qxg5+ 35. Kf2 Qd2+ 36. Kg3 Bd6+ 37. Kh3 Rh4+ 38. Kxh4 Qh6+ 39. Kg4 Qh5# 0-1

[Event "XtraCon-Skakligaen"]
[Site "Denmark"]
[Date "2012.02.19"]
[Round "7.5"]
[White "Christensen, Bo Garner"]
[Black "Akdag, Dara Sevkan"]
[Result "0-1"]
[WhiteElo "2277"]
[BlackElo "2218"]
[PlyCount "54"]
[EventDate "2011.10.29"]
[EventType "team-tourn"]
[EventRounds "9"]
[WhiteTeam "K41"]
[BlackTeam "BMS"]
[WhiteTeamCountry "DEN"]
[BlackTeamCountry "DEN"]

1. e4 c5 2. Nf3 d6 3. d4 cxd4 4. Qxd4 Nc6 5. Bb5 Bd7 6. Bxc6 bxc6 7. O-O c5 8.
Qd3 Bc6 9. Nc3 g6 10. Bg5 Bg7 11. Rad1 Qc7 12. Rfe1 Qb7 13. e5 Bxf3 14. exd6
Bxd1 15. dxe7 Qd7 16. Qe4 Rc8 17. Rxd1 Bd4 18. Nd5 Qe6 19. Qf3 h6 20. Bd2 Qf5
21. Qb3 Nxe7 22. Nxe7 Kxe7 23. c3 Bxf2+ 24. Kh1 Rcd8 25. Qa4 Kf6 26. h4 Kg7 27.
Qa5 Rd3 0-1

[Event "XtraCon-Skakligaen"]
[Site "Denmark"]
[Date "2012.02.19"]
[Round "7.6"]
[White "Rostgaard, Tobias Valentin"]
[Black "Naes, Flovin Tor"]
[Result "1-0"]
[WhiteElo "2198"]
[BlackElo "2260"]
[PlyCount "65"]
[EventDate "2011.10.29"]
[EventType "team-tourn"]
[EventRounds "9"]
[WhiteTeam "BMS"]
[BlackTeam "K41"]
[WhiteTeamCountry "DEN"]
[BlackTeamCountry "DEN"]

1. d4 d5 2. c4 dxc4 3. e3 e6 4. Bxc4 Nf6 5. Nf3 c5 6. O-O a6 7. Bb3 Nc6 8. Qe2
Qc7 9. Nc3 b6 10. d5 Na5 11. dxe6 Nxb3 12. exf7+ Qxf7 13. axb3 Be7 14. e4 O-O
15. Ng5 Qg6 16. f4 h6 17. f5 Qe8 18. Nf3 Bb7 19. Rd1 Qc6 20. e5 Nh7 21. Nd5
Rae8 22. Qc4 Kh8 23. Nxe7 Rxe7 24. Rd6 Qe4 25. Qxe4 Bxe4 26. f6 gxf6 27. Bxh6
Rb8 28. exf6 Ra7 29. Ne5 Re8 30. f7 Rxe5 31. Rd8+ Nf8 32. Rxf8+ Kh7 33. Rh8+
1-0

[Event "XtraCon-Skakligaen"]
[Site "Denmark"]
[Date "2012.02.19"]
[Round "7.7"]
[White "Andreasen, Joan Hendrik"]
[Black "Brorsen, Jacob Abildlund"]
[Result "1-0"]
[WhiteElo "2256"]
[BlackElo "2106"]
[PlyCount "107"]
[EventDate "2011.10.29"]
[EventType "team-tourn"]
[EventRounds "9"]
[WhiteTeam "K41"]
[BlackTeam "BMS"]
[WhiteTeamCountry "DEN"]
[BlackTeamCountry "DEN"]

1. d4 d5 2. c4 e6 3. Nc3 Nf6 4. cxd5 exd5 5. Bg5 c6 6. e3 Be7 7. Bd3 O-O 8. Qc2
Nbd7 9. Nge2 Re8 10. h3 Nf8 11. O-O-O b5 12. Kb1 Qa5 13. Nc1 b4 14. Nb3 Qd8 15.
Ne2 a5 16. Bxf6 Bxf6 17. Qxc6 Ra7 18. Nf4 Bb7 19. Qc2 Qa8 20. Nc5 Rc8 21. Qe2
Bc6 22. Rc1 Qb8 23. Qh5 Bxd4 24. Nb3 Be5 25. Ne2 g6 26. Qg4 Bd7 27. Qf3 Qd6 28.
Rxc8 Bxc8 29. Rc1 Bd7 30. g4 Ne6 31. Nbd4 a4 32. Nxe6 fxe6 33. Nd4 Bg7 34. Nb5
Qe5 35. Rc2 Rb7 36. Nd4 Qd6 37. Qd1 e5 38. Ne2 Bf8 39. e4 d4 40. Bc4+ Kg7 41.
Bd5 b3 42. axb3 axb3 43. Rd2 Ra7 44. Bxb3 Qa6 45. Rxd4 exd4 46. Qxd4+ Kh6 47.
f4 Qa1+ 48. Kc2 Rc7+ 49. Nc3 Qf1 50. Qf6 Qf2+ 51. Kc1 Qe3+ 52. Kb1 Qc5 53. Bd1
Be7 54. g5+ 1-0

[Event "XtraCon-Skakligaen"]
[Site "Denmark"]
[Date "2012.02.19"]
[Round "7.8"]
[White "Haubro, Sigfred"]
[Black "Stojanovski, Sandi"]
[Result "1-0"]
[WhiteElo "2109"]
[BlackElo "2232"]
[PlyCount "83"]
[EventDate "2011.10.29"]
[EventType "team-tourn"]
[EventRounds "9"]
[WhiteTeam "BMS"]
[BlackTeam "K41"]
[WhiteTeamCountry "DEN"]
[BlackTeamCountry "DEN"]

1. b3 Nf6 2. Bb2 e6 3. Nf3 c5 4. e3 Be7 5. Be2 O-O 6. O-O d5 7. d4 Nc6 8. Nbd2
a6 9. Rc1 b5 10. dxc5 Bxc5 11. c4 dxc4 12. bxc4 b4 13. Qc2 Qe7 14. Ng5 e5 15.
Bf3 Bb7 16. Rfd1 Rad8 17. Nge4 Nd7 18. Nb3 Ncb8 19. Ng5 Qxg5 20. Bxb7 Rfe8 21.
Be4 g6 22. Rd5 Rc8 23. Rcd1 Rc7 24. Rxd7 Nxd7 25. Rxd7 Rxd7 26. Nxc5 Ra7 27.
Bd5 a5 28. h3 Qe7 29. Ne4 a4 30. f4 Qh4 31. Kh2 b3 32. axb3 a3 33. g3 Qd8 34.
Ba1 Ra6 35. fxe5 a2 36. Nf6+ Rxf6 37. exf6 Qa5 38. e4 Rb8 39. Qc1 Qb4 40. c5
Kh8 41. Bxf7 Qxe4 42. Bd5 1-0